Động hoá học /

Động hoá học của phản ứng đơn giản; Động hoá học của phản ứng phức tạp; Ảnh hưởng của nhiệt độ lên tốc độ phản ứng; Thuyết va chạm hoạt động và phức hoạt động; Ảnh hưởng của áp suất lên tốc độ phản ứng; Ảnh hưởng của dung môi lên tốc độ phản ứng; Phản ứng dây chuyền và quang hoá; Ảnh hưởng của chất...

תיאור מלא

שמור ב:
מידע ביבליוגרפי
מחבר ראשי: Trần Sơn, PGS.TS.
פורמט: ספר
שפה:Vietnamese
יצא לאור: Hà Nội : Khoa học và kỹ thuật, 2001.
סדרה:Bộ sách giáo trình hoá lý.
נושאים:
תגים: הוספת תג
אין תגיות, היה/י הראשונ/ה לתייג את הרשומה!
Thư viện lưu trữ: Mạng thư viện Đại học Đà Nẵng
LEADER 01801cam a2200361 a 4500
001 000043515
003 1489
005 20060413112100.0
008 010217b2001 vm 000 vie
020 |c 22000 
040 |a LRC  |c LRC  |d LRC 
041 0 |a vie 
082 1 4 |a 541.39  |2 21  |b TR-S 
100 1 |a Trần Sơn,  |c PGS.TS. 
245 1 0 |a Động hoá học /  |c Trần Sơn. 
260 |a Hà Nội :  |b Khoa học và kỹ thuật,  |c 2001. 
300 |a 248 tr. :  |b mh. ;  |c 24 cm. 
440 0 |a Bộ sách giáo trình hoá lý. 
520 3 |a Động hoá học của phản ứng đơn giản; Động hoá học của phản ứng phức tạp; Ảnh hưởng của nhiệt độ lên tốc độ phản ứng; Thuyết va chạm hoạt động và phức hoạt động; Ảnh hưởng của áp suất lên tốc độ phản ứng; Ảnh hưởng của dung môi lên tốc độ phản ứng; Phản ứng dây chuyền và quang hoá; Ảnh hưởng của chất xúc tác lên tốc độ phản ứng; Ảnh hưởng của hiệu ứng thế lên tốc độ phản ứng; Phản ứng nhanh trong dung dịch và động hoá học của nó; Đại cương về cơ chế phản ứng và phương pháp nghiên cứu. 
630 0 4 |a Hoá lý. 
650 0 4 |a Hoá lý  |x Động hoá học. 
OWN |a DUT 
AVA |a UDN50  |b DUT  |c Book  |d 541.39 TR-S  |e available  |t Error 5001 Not defined in file expand_doc_bib_avail.  |f 10  |g 0  |h N  |i 4  |j SH  |k 1 
999 |a From the UDN01 
AVA |a UDN50  |b DUT  |c Book  |d 541.39 TR-S  |e available  |t Error 5001 Not defined in file expand_doc_bib_avail.  |f 10  |g 0  |h N  |i 4  |j SH  |k 1 
TYP |a Monograph 
TYP |a Printed language 
980 |a Mạng thư viện Đại học Đà Nẵng